000 00763nam a22002297a 4500
005 20100821105358.0
010 _aENG-101210
020 _c25.00
_a9788189524517
035 _aEN-84743
037 2 _bDBAD/PUB
082 _a808.803556
100 _aAmbedkar, B. R.
_91466
245 _aSwaraj & the depressed classes /
_cby B. R. Ambedkar
260 _aNew Delhi
_bCritical Quest
_c2010
270 _a420, G-Block, Phase VI Aya Nagar
_bNew Delhi
_e110047
300 _a32 p.
_c22cm (Pbk)
650 _aSocial Issve
_916913
700 _915693
700 _915729
942 _2ddc
_cEN
_mAMB
_h808.803556
999 _c42799
_d42799